Online
Catalog

Bolivar / (Record no. 15200)

MARC details
000 -CABECERA
campo de control de longitud fija 00783cam a2200193 a 4500
001 - NÚMERO DE CONTROL
campo de control 000015648
005 - FECHA Y HORA DE LA ÚLTIMA TRANSACCIÓN
campo de control 20260305073955.0
008 - DATOS DE LONGITUD FIJA--INFORMACIÓN GENERAL
campo de control de longitud fija 920609s1974 ve b f000 0bspa
040 ## - FUENTE DE LA CATALOGACIÓN
Centro catalogador/agencia de origen DO-SdBNP
Lengua de catalogación spa
Centro/agencia transcriptor BNPHU
082 ## - NÚMERO DE LA CLASIFICACIÓN DECIMAL DEWEY
Número de clasificación 923.187
Número de documento/Ítem B689L
100 1# - ENTRADA PRINCIPAL--NOMBRE DE PERSONA
Nombre de persona Lievano Aguirre, Indalecio.
9 (RLIN) 35259
245 10 - MENCIÓN DE TÍTULO
Título Bolivar /
Mención de responsabilidad, etc. Indalecio Liévano Aguirre ; prólogo Carlos Andrés Andrés Pérez.
260 ## - PUBLICACIÓN, DISTRIBUCIÓN, ETC.
Lugar de publicación, distribución, etc. Caracas :
Nombre del editor, distribuidor, etc. Ministerio de Educación, Dirección General, Departamento de Publicaciones :,
Fecha de publicación, distribución, etc. 1974.
300 ## - DESCRIPCIÓN FÍSICA
Extensión 534 p. ;
Dimensiones 22 cm.
504 ## - NOTA DE BIBLIOGRAFÍA, ETC.
Nota de bibliografía, etc. Referencias bibliográficas p. [555]-557.
600 10 - PUNTO DE ACCESO ADICIONAL DE MATERIA--NOMBRE DE PERSONA
Nombre de persona Bolívar, Simón,
Fechas asociadas al nombre 1783-1830
9 (RLIN) 253
651 #4 - PUNTO DE ACCESO ADICIONAL DE MATERIA--NOMBRE GEOGRÁFICO
Nombre geográfico América De Sur
Subdivisión general Historia
Subdivisión cronológica GUERRAS DE INDEPENDENCIA 1806-1830
9 (RLIN) 35260
650 #4 - PUNTO DE ACCESO ADICIONAL DE MATERIA--TÉRMINO DE MATERIA
Término de materia o nombre geográfico como elemento de entrada Jefes de estado
Subdivisión geográfica América Del Sur
Subdivisión general Biografía.
9 (RLIN) 18374
Holdings
Estado de retiro Estado de pérdida Restricciones de uso No para préstamo Código de colección Localización permanente Ubicación/localización actual Ubicación en estantería Fecha de adquisición Número de inventario Total de préstamos Signatura topográfica completa Código de barras Fecha visto por última vez Precio válido a partir de Tipo de ítem Koha
      Excluido de préstamo Monografías: Libros y Folletos General General Depósito 16.02.2010 LF1   923.187 B689L 15648-10 25.06.2020 25.06.2020 No se presta
        Monografías: Libros y Folletos Patrimonio Dominicano Patrimonio Dominicano Orden iniciada 19.05.2017 LF1   923.187 B689L 15648-20 25.06.2020 25.06.2020 No se presta

Powered by Koha